| 000 | 00516nam a2200169Ia 4500 | ||
|---|---|---|---|
| 003 | GCL | ||
| 008 | 140319s9999 xx 000 0 ara d | ||
| 040 |
_aGCL / _cGCL |
||
| 082 | 0 | 4 |
_aد _b050 |
| 100 | 1 | _aماجد الكسار | |
| 245 | 1 | 0 |
_aعلى الكسار وثورة الكوميديا ( اقرا 590 ) / _cماجد الكسار |
| 300 | _a128 ص | ||
| 490 |
_aوثائق ونصوص _v0 |
||
| 650 | 0 | 4 | _aعلى الكسار |
| 650 | 0 | 4 | _aالممثلون والممثلات المصريون |
| 942 |
_2ddc _cCF |
||
| 999 |
_c27411 _d27411 |
||